Engineering properties of stabilised tropical peat soils /
Saved in:
| 主要作者: | |
|---|---|
| 格式: | Thesis 图书 |
| 语言: | English |
| 出版: |
2008.
|
| 主题: | |
| 标签: |
添加标签
没有标签, 成为第一个标记此记录!
|
| LEADER | 01084cam a2200289 a 4500 | ||
|---|---|---|---|
| 001 | u767010 | ||
| 003 | SIRSI | ||
| 005 | 200903121624 | ||
| 008 | 090312s2008 my t 000 0 eng m | ||
| 040 | |a UMM |d UMJ | ||
| 043 | |a a-my--- | ||
| 090 | |a TA7 |b UM 2008 Deb | ||
| 097 | |a TA7 |b UM 2008 Deb | ||
| 100 | 1 | |a Deboucha, Sadek. | |
| 245 | 1 | 0 | |a Engineering properties of stabilised tropical peat soils / |c Sadek Deboucha. |
| 260 | |c 2008. | ||
| 300 | |a xv, 149 leaves : |b ill. ; |c 30 cm. | ||
| 502 | |a Dissertation (M.Eng.Sc.) -- Jabatan Kejuruteraan Awam, Fakulti Kejuruteraan, Universiti Malaya, 2008. | ||
| 504 | |a Bibliography: leaves 124-126. | ||
| 650 | 0 | |a Peat soils |x Tropics. | |
| 650 | 0 | |a Peatlands |z Malaysia. | |
| 650 | 0 | |a Soil mechanics |z Malaysia. | |
| 710 | 2 | |a Universiti Malaya. |b Jabatan Kejuruteraan Awam. | |
| 900 | |a ZSA-ZA | ||
| 596 | |a 1 7 | ||
| 999 | |a TA7 UM 2008 DEB |w LC |c 1 |i A513446020 |d 28/10/2009 |f 28/10/2009 |g 1 |l STACKS |m P01UTAMA |r Y |s Y |t TESIS |u 27/10/2009 | ||
| 999 | |a TA7 UM 2008 DEB |w LC |c 1 |i A513399055 |d 28/4/2010 |f 28/4/2010 |g 2 |l STACKS |m P07JURUTER |r Y |s Y |t TESIS |u 22/4/2010 | ||
